000 00816cam a2200253 a 4500
001 000019679
005 20200929170111.0
008 771109s1962 sp 001 f spa d
040 _aDO-SdBNP
_bspa
_cLC
_dBNPHU
082 _a863.6
_bF363n, 1962
100 1 _aFernández Flórez, Wenceslao,
_d1885-1964.
_922402
245 1 3 _aLa novela número 13 /
_cW. Fernández Flórez.
250 _a4a ed.
260 _aMadrid :
_bEspasa-Calpe,
_c1962.
300 _a225, [15] p. ;
_c18 cm.
490 1 _aAustral. Azul: novelas y cuentos en general
_v225
500 _aIncluye índice de autores
650 4 _aNovela española
_91123
650 4 _aLiteratura española
_9632
830 0 _aAustral.
_pAzul: novelas y cuentos en general ;
_v225
_922386
910 _aCatalogación derivada
910 _aWM
049 _aBNGR
999 _c19194
_d19194